<?xml version="1.0" encoding="UTF-8"?>
<collection xmlns="http://www.loc.gov/MARC21/slim">
 <record>
  <leader>01777nab a2200217 i 4500</leader>
  <controlfield tag="001">acta56964</controlfield>
  <controlfield tag="005">20260224081030.0</controlfield>
  <controlfield tag="008">190129s2017    hu      o     000   hun d</controlfield>
  <datafield tag="022" ind1=" " ind2=" ">
   <subfield code="a">2063-2525</subfield>
  </datafield>
  <datafield tag="040" ind1=" " ind2=" ">
   <subfield code="a">SZTE Egyetemi Kiadványok Repozitórium</subfield>
   <subfield code="b">hun</subfield>
  </datafield>
  <datafield tag="041" ind1=" " ind2=" ">
   <subfield code="a">hun</subfield>
  </datafield>
  <datafield tag="100" ind1="1" ind2=" ">
   <subfield code="a">Stipta István</subfield>
  </datafield>
  <datafield tag="245" ind1="1" ind2="2">
   <subfield code="a">A pénzügyi közigazgatási bíróság archontológiája</subfield>
   <subfield code="h">[elektronikus dokumentum] /</subfield>
   <subfield code="c"> Stipta István</subfield>
  </datafield>
  <datafield tag="260" ind1=" " ind2=" ">
   <subfield code="c">2017</subfield>
  </datafield>
  <datafield tag="300" ind1=" " ind2=" ">
   <subfield code="a">99-135</subfield>
  </datafield>
  <datafield tag="490" ind1="0" ind2=" ">
   <subfield code="a">Acta Universitatis Szegediensis : forum : acta juridica et politica</subfield>
  </datafield>
  <datafield tag="520" ind1="3" ind2=" ">
   <subfield code="a">Die Studie beschäftigt sich mit der persönlichen Zusammensetzung der Spruchrichter des ersten ungarischen Verwaltungsgerichts und der Aspekte ihrer Auswahl. Neben der Untersuchung des beruflichen Fortschrittes beobachtet der Aufsatz ihren gesellschaftlichen Status, ihre politische Tätigkeit im öffentlichen Leben, ihren Charakter der Lebensphase und ihre Tätigkeit in der Fachliteratur. Die archontologische Analyse bestätigte nicht, dass Religions- oder Nationalitätsaspekte bei der Auswahl der Richter der Finanzverwaltungsgerichte eine Rolle spielten. Die Studie enthält keine völlige archontologische oder prosopographische Analyse, weist jedoch darauf hin, welche Aspekte und Beziehungsfaktoren notwendig waren, so dass jemand im Zeitalter des Dualismus während der Epoche von Kálmán Tisza aktiv im Verwaltungsrechtsschutz beteiligen konnte. Es benötigt tiefer prosopographische Vorforschung, die gesellschaftlichen Beziehungen der Richter der Finanzverwaltungsgerichte ausführlicher zu analysieren.</subfield>
  </datafield>
  <datafield tag="650" ind1=" " ind2="4">
   <subfield code="a">Társadalomtudományok</subfield>
  </datafield>
  <datafield tag="650" ind1=" " ind2="4">
   <subfield code="a">Jogtudomány</subfield>
  </datafield>
  <datafield tag="695" ind1=" " ind2=" ">
   <subfield code="a">Közigazgatás - Magyarország</subfield>
  </datafield>
  <datafield tag="856" ind1="4" ind2="0">
   <subfield code="u">http://acta.bibl.u-szeged.hu/56964/1/juridpol_forum_007_001_099-135.pdf</subfield>
   <subfield code="z">Dokumentum-elérés </subfield>
  </datafield>
 </record>
</collection>
